000 00617nam a22002057a 4500
999 _c19756
_d19756
003 AR-CdUCM
008 190521b ||||| |||| 00| 0 espa d
040 _aMUNICIPALIDAD PROVINCIAL DEL CUSCO
_cBIBLIOTECA MUNICIPAL DEL CUSCO
082 _a985.71 /
_bD61
100 _aDelgado, Alejandro
_941321
245 _aMemorias de un aventurero :
_bViaje al oriente Peruano /
260 _aLima :
_c1946.
300 _a79 páginas ;
_c24 cm.
505 _aContenido : Relatos.
650 _aRelatos
_9195
650 _aViaje novelesco
_941322
650 _aOriente Peruano
_941323
942 _2ddc
_cLIBROS
945 _arcc